The pursuit of the atom /

Bibliographic Details
Main Author: Braunbek, Werner, 1901-
Format: Book
Language:English
German
Published: New York : Emerson Books, [1959]
Subjects:

MARC

Tag First Indicator Second Indicator Subfields
LEADER 00000cam a2200000 4500
001 in00000041939
005 20151007064830.0
008 740625s1959 nyu 00000 eng
010 |a  59010852  
035 |a (OCoLC)00929027 
035 |9 AAE0712AM 
040 |a DLC  |c YNG  |d OCL  |d TXA  |d UtOrBLW 
041 1 |a eng  |a ger 
049 |a TXAM  |c [315880] 
050 0 |a QC7  |b .B673 
082 0 |a 539.7072 
092 |a 539.7072  |b B825p, 1959 
100 1 |a Braunbek, Werner,  |d 1901- 
245 1 4 |a The pursuit of the atom /  |c Translated by Brian J. Kenworthy and W. A. Coupe. 
264 1 |a New York :  |b Emerson Books,  |c [1959] 
300 |a 242 pages ;  |c 22 cm. 
336 |a text  |b txt  |2 rdacontent 
337 |a unmediated  |b n  |2 rdamedia 
338 |a volume  |b nc  |2 rdacarrier 
500 |a Translation of Forscher erschuttern die Welt. 
650 0 |a Nuclear physics  |x Research. 
650 0 |a Physicists. 
999 |a MARS 
999 f f |s 7216fa8d-2461-3cd8-9b5a-fe735edc5258  |i cb9ddda2-ac83-3bbf-bee5-14ceaedb587a  |t 0 
952 f f |p ric  |a Texas A&M University  |b Rellis Campus  |c Joint Library Facility  |d Remote Storage  |t 0  |e QC7 .B673  |h Library of Congress classification  |i unmediated -- volume  |m A14800929489 
998 f f |a QC7 .B673  |t 0  |l Remote Storage